Statistiken für Top 15 Länder mit Covid-19-Todesfällen - 27. Juni

Klicken Sie hier um das Quiz zu spielen!

Allgemein

  • Dieses Quiz wurde 8 mal gespielt
  • Das Durchschnittsergebnis liegt bei 15 aus 20

Antwortstatistiken

Land% Korrekt
Deutschland
100%
Italien
100%
Russland
100%
Spanien
100%
Vereinigte Staaten
100%
Brasilien
88%
Mexiko
88%
Schweden
88%
Vereinigtes Königreich
88%
Chile
75%
Frankreich
75%
Kanada
75%
Belgien
63%
Iran
63%
Peru
63%
Ecuador
50%
Indien
50%
Irland
50%
Niederlande
50%
Schweiz
50%

Verteilung der Resultate

Perzentil nach korrekt beantworteten Fragen

Anzahl Personen mit jedem Resultat

Ihre Resultats-Entwicklung

Sie haben dieses Quiz noch nicht gespielt